000 00557nam a2200181Ia 4500
008 100920s9999 xx 000 0 und d
082 _b85935
_a24 न 03
100 _a---
245 _aडॉ. हेडगेवार.
260 _bभारतीय विचार साधना, पुणे प्रकाशन.
_c2003
300 _a119
_bसाधी
365 _b50
520 _aसायो.
630 _aडॉ. हेडगेवार.
650 _aसायो.
730 _aडॉ. हेडगेवार.
942 _cBOOK
999 _c726445
_d726442